Statistics for Longest Landlocked Rivers

Click here to take the quiz!

General Stats

  • This quiz has been taken 49 times
  • The average score is 2 of 5

Answer Stats

Length (km)RiverOutlet% Correct
3645VolgaCaspian Sea
95%
2428UralCaspian Sea
53%
2620Amu DaryaAral Sea
35%
3078Syr DaryaAral Sea
30%
2100TarimLop Nor
12%

Score Distribution

Percentile by Number Answered

Percent of People with Each Score

Your Score History

You have not taken this quiz